| 000 | 00803nam a2200277Ia 4500 | ||
|---|---|---|---|
| 001 | dia_4481 | ||
| 003 | CHAP | ||
| 005 | 20251023165315.0 | ||
| 008 | 220117s2007 xx 000 0 und d | ||
| 010 | _a175143 | ||
| 040 | _cCHAP | ||
| 082 | _a628.16 V5 | ||
| 100 |
_aVillegas De Brigard Paulina _9155979 |
||
| 245 |
_aPurificación De Aguas / _c Paulina Villegas De Brigard. |
||
| 250 | _a2° ed | ||
| 260 |
_aBogotá Escuela Colombiana De Ingeniería _c2007 |
||
| 300 | _a186P. | ||
| 500 | _aC/E | ||
| 650 |
_a1.Purificación De Agua _9155980 |
||
| 650 |
_aCalidad De Agua _9145118 |
||
| 650 |
_aTratamiento Del Agua I.Incluye Biografía _9155981 |
||
| 901 | _a628.16 V5 | ||
| 902 | _aM | ||
| 905 | _a0000002007 A 0000000000SPA00 | ||
| 942 |
_cLIBRO _2ddc |
||
| 999 |
_c175143 _d175143 |
||